000
00263nam a22000977a 4500
008
230919b |||||||| |||| 00| 0 eng d
020
_a
9789389823950
100
_a
KIBUISHI KAZU
_9
7631
245
_a
AMULET-5 (PRINCE OF THE ELVES)
260
_a
NEWYORK
_b
SCHOLASTIC
_c
2008
999
_c
12417
_d
12417